Are the new contract changes working? (Record no. 71449)
[ view plain ]
| 000 -LEADER | |
|---|---|
| fixed length control field | 01147cam a2200217 4500 |
| 001 - CONTROL NUMBER | |
| control field | ABS66006 |
| 008 - FIXED-LENGTH DATA ELEMENTS--GENERAL INFORMATION | |
| fixed length control field | 021025n2002 000 0 eng u |
| 035 ## - SYSTEM CONTROL NUMBER | |
| System control number | (Sirsi) u120265 |
| 100 ## - MAIN ENTRY--PERSONAL NAME | |
| Personal name | Stanton, J. |
| 245 ## - TITLE STATEMENT | |
| Title | Are the new contract changes working? |
| 260 ## - PUBLICATION, DISTRIBUTION, ETC. | |
| Date of publication, distribution, etc. | 2002 |
| 490 ## - SERIES STATEMENT | |
| Series statement | Contract Journal |
| Volume/sequential designation | 415(6396) 25 September 2002, 6-7(2) |
| 520 ## - SUMMARY, ETC. | |
| Summary, etc. | To improve the performance of the construction industry, the industry's contract conditions would have to be changed. Latham's report "Constructing the team", proposed fair principles for contract terms. A new report commissioned by the RICS Foundation, "Construction contract policy: do we mean what we say?" highlights that the construction industry still faces the old problems. This article reports on the RICS Foundation report that takes the format of a series of hypotheses and examines the respondents' reactions to them. |
| 590 ## - LOCAL NOTE (RLIN) | |
| Local note | ABS |
| 650 ## - SUBJECT ADDED ENTRY--TOPICAL TERM | |
| Topical term or geographic name entry element | ABOUT RICS-RELATED ORGANISATIONS-RICS FOUNDATION |
| 650 ## - SUBJECT ADDED ENTRY--TOPICAL TERM | |
| Topical term or geographic name entry element | LATHAM REFORMS |
| 650 ## - SUBJECT ADDED ENTRY--TOPICAL TERM | |
| Topical term or geographic name entry element | CONTRACT CONDITIONS |
| 650 ## - SUBJECT ADDED ENTRY--TOPICAL TERM | |
| Topical term or geographic name entry element | CONSTRUCTION INDUSTRY |
| 690 ## - LOCAL SUBJECT ADDED ENTRY--TOPICAL TERM (OCLC, RLIN) | |
| Topical term or geographic name as entry element | BUILT ENVIRONMENT-BUILDING CONTRACT FORMS |
| 942 ## - ADDED ENTRY ELEMENTS (KOHA) | |
| Suppress in OPAC | 0 |
| Withdrawn status | Lost status | Source of classification or shelving scheme | Damaged status | Not for loan | Home library | Current library | Shelving location | Date acquired | Total Checkouts | Full call number | Barcode | Date last seen | Copy number | Price effective from | Koha item type |
|---|---|---|---|---|---|---|---|---|---|---|---|---|---|---|---|
| Dewey Decimal Classification | London | London | Journal article | 25/10/2002 | ABS66006 | 120265-1001 | 06/08/2019 | 1 | 06/08/2019 | Journal article |